Guess the English words by Spanish words - Statistics

General Stats
  • This quiz has been taken 49 times
  • The average score is 13 of 27
Answer Stats
Hint Answer % Correct
Hola Hello
100%
No No
100%
Aqua Water
100%
Si Yes
100%
Quatro Four
93%
Leche Milk
87%
Hombre Man
84%
Libro Book
73%
Rapido Fast
71%
Calendario Calendar
67%
Leon Lion
62%
Planeta Neptuno Planet Neptune
62%
Lampara Lamp
56%
Mujer Woman
51%
Monstruo Monster
44%
El Pollo es mi carne favorite Chicken is my favorite meat
40%
Proteger Protect
40%
Mono/Mona Monkey
27%
Jane Se Comio Su Sandwich Jane ate her Sandwich
22%
Cesta Basket
11%
Cosas Extranas Stranger Things
11%
Salvavidas Lifeguard
9%
Monopatin Skateboard
9%
Prueba Quiz
7%
Frazada Blanket
2%
Pechuga De Pollo Con Ajo Garlic Chicken Breast
2%
Los bueyes y las panteras son mis dos animales favoritos Oxen and panthers are my two favorite animals
2%
No matching quizzes found
Score Distribution
Percent of People with Each Score
Percentile by Number Answered
Your Score History
You have not taken this quiz